01367nam a22002297a 450000100100000000500170001000800410002704000250006810000420009324503380013526000320047330000280050544000710053344000650060470000540066970000490072383000670077283000650083995201050090495201110100999900170112000001496820200929163931.0980108s1997 ve a 000 0 spa  aDO-SdBNPcspacBNPHU1 aMichelena, Arturo,d1863-1898.93386410aArturo Michelena en los Teques :bexposición de obras de arte, mobiliario, documentos y fotografías originales del artista en las colecciones de la Fundación Museo Arturo Michelena de Caracas, Los Teques, 21 de octubre de 1997. /cArturo Michelena; presentación Enrique Me ndoza D Ascoli; introducción Francisco Da Antonio. aCaracas :bEl Museo,c1997. a36 p. :bill. ;c28 cm. 0aExposición (Fundación Museo Arturo Michelena) ;vno. 13933870 0aCatálogo (Fundación Museo Arturo Michelena) ;v129338711 aMendoza D, Ascoli, Enriquecpresentación9338851 aDa Antonio, FranciscocIntroducción933886 0aExposición (Fundación Museo Arturo Michelena) ;v13933870 0aCatalogación (Fundación Museo Arturo Michelena) ;933887 001050718MOaGRbGRcHDd2010-01-27iLF1l0o p14968-10r2020-06-25w2020-06-25y1ZNo se presta 001050718MOaGRbGRcCTd2010-01-27iLF1l0o p14968-20r2020-06-25te. 2w2020-06-25y1ZNo se presta c14543d14543